000 00382nam a2200157Ia 4500
008 230917s9999||||xx |||||||||||||| ||und||
020 _cRS0.4
040 _e13016
_aMAIN
041 _aEnglish
082 _a515.35 E76D
100 _aEl `Sqol' Ts, L E
245 0 _aDifferential equations
260 _aDelhi
_bHindustan Publishing
_c1961
300 _aiii, 359 p.
942 _cBK
999 _c171960
_d171960